FIFA 20 Top 10 Central Defenders - Statistics

General Stats
  • This quiz has been taken 50 times
  • The average score is 8 of 10
Answer Stats
Rank Player OVA % Correct
1 Virgil van Dijk 90
98%
3 Sergio Ramos 89
91%
6 Gérard Piqué 88
87%
4 Giorgio Chiellini 89
82%
9 Mats Hummels 87
80%
7 Aymeric Laporte 87
69%
5 Diego Godin 88
64%
2 Kalidou Koulibaly 89
64%
10 Jan Vertonghen 87
62%
8 Toby Alderweireld 87
58%
No matching quizzes found
Score Distribution
Percent of People with Each Score
Percentile by Number Answered
Your Score History
You have not taken this quiz